US capitals - Statistics

General Stats
  • This quiz has been taken 11 times
  • The average score is 12 of 15
Answer Stats
Hint Answer % Correct
Massachussetts Boston
100%
Ohio Columbus
91%
Rhode Island Providence
91%
Illinois Springfield
91%
Florida Tallahassee
91%
Idaho Boise
82%
Pennsylvania Harrisburg
82%
Alabama Montgomery
82%
Maine Augusta
73%
Nevada Carson City
73%
New Hampshire Concord
73%
Missouri Jefferson City
73%
Nebraska Lincoln
73%
Washington Olympia
73%
Kansas Topeka
73%
No matching quizzes found
Score Distribution
Percent of People with Each Score
Percentile by Number Answered
Your Score History
You have not taken this quiz